[Event "Moscow Open RSSU Cup 2019"]
[Site "Moscow"]
[Date "2019.01.27"]
[Round "2"]
[White "Baghdasaryan, Vahe"]
[Black "Triapishko, Alexandr"]
[Result "1/2-1/2"]
[WhiteElo "2354"]
[BlackElo "2508"]
[Annotator "TA"]
[PlyCount "176"]
[EventDate "2019.01.26"]
[EventType "swiss"]
[EventCountry "RUS"]
[SourceTitle "playchess.com"]
[Source "ChessBase"]
[SourceQuality "1"]

{[%evp 18,176,16,21,14,0,6,13,7,0,33,34,32,28,23,16,38,17,39,15,37,4,16,10,26,8,11,-55,-72,-34,-25,-25,-25,-26,-26,-27,0,0,0,0,0,0,0,0,0,-8,-8,-8,-8,-8,-8,-16,-12,-12,-12,-16,-16,-16,-16,-18,-18,-18,-18,-21,-18,-18,-18,-18,-18,-23,-23,-218,-23,-23,-23,-23,-23,-27,0,-18,0,-23,0,-20,0,-106,-106,-106,-106,-106,-18,-18,-18,-18,-18,-18,-18,-18,-18,-18,-18,-18,-18,-18,-18,-18,-18,-18,-18,-18,-18,-25,8,8,8,8,8,8,12,12,12,12,12,12,12,9,12,12,12,0,12,12,12,12,12,12,28,12,12,12,16,12,12,12,12,12,12,12,12,12,12,12,16,12,12,8,12,0,0,-8,-8]} 1. c4 e5 $146 (1... g6 2. g3 Bg7 3. Bg2 e5 4. Nc3 d6 5. d3 f5 6. e4 Nc6 7. Nge2 {1-0 (41) Nisipeanu,L (2668)-Kozul,Z (2594) Bled 2016}) ({Predecessor:} 1... g6 2. Nc3 Bg7 3. g3 e5 4. Bg2 Nc6 5. d3 f5 6. e4 Nf6 7. Nge2 {0-1 (31) Soppe,G (2435)-Rodriguez Vila,A (2485) Sao Paulo 2004}) 2. Nc3 d6 3. g3 f5 4. Bg2 Nf6 5. d3 g6 6. e4 Nc6 7. Nge2 Bg7 8. O-O O-O 9. Nd5 Be6 10. Bg5 Qd7 {A26: English Opening vs King's Indian with ...Nc6 and d3} 11. Rc1 (11. Qd2 Nh5 12. exf5 Bxf5 13. b4 Rae8 14. b5 Nd8 15. Bxd8 Rxd8 16. Nec3 c6 17. Nb4 Rc8 18. a4 {1-0 (41) Nisipeanu,L (2668)-Kozul,Z (2594) Bled 2016}) 11... Nh5 12. exf5 Rxf5 13. Be3 {g4 is the strong threat.} ({Predecessor:} 13. Qd2 Rf7 14. b4 Bh3 15. b5 Bxg2 16. Kxg2 Nd8 17. Bxd8 Rxd8 18. f3 {0-1 (31) Soppe,G (2435)-Rodriguez Vila,A (2485) Sao Paulo 2004}) 13... Rff8 14. d4 Bg4 15. f3 Be6 16. dxe5 Nxe5 17. Nd4 Bf7 18. b3 (18. f4 $5 {[%cal Rf4e5]} Ng4 19. Bh3 Nxe3 20. Bxd7 Nxd1 21. Rfxd1 $14 (21. Rcxd1 Nf6 $11)) 18... Rae8 19. Qd2 c6 $1 {[%cal Rc6d5]} 20. Nf4 $1 Nxf4 21. gxf4 {[%mdl 64] Trapped Piece} c5 $1 {[%cal Rc5d4]} 22. Nb5 {[#]} (22. fxe5 $11 cxd4 23. Qxd4) 22... Nxc4 $1 $15 {[%mdl 512]} 23. bxc4 a6 24. Bxc5 ({Don't blunder} 24. Nxd6 $2 Rxe3 25. Kh1 Bd4 $19) 24... axb5 25. Qxd6 Qxd6 26. Bxd6 Bxc4 {Threatens to win with ...Bd4+.} (26... bxc4 {is interesting.} 27. Rfd1 c3 28. f5 Bxa2 29. fxg6 hxg6 30. Bxf8 Kxf8 31. f4 b5) 27. Bxf8 Bd4+ 28. Kh1 Bxf1 29. Bxf1 Rxf8 30. Bxb5 $11 {[%mdl 4096] Endgame KRB-KRB} Kg7 31. Bd7 Rxf4 32. Rc7 b6 33. Be8+ Kh6 34. Bc6 Be5 35. Re7 Rf5 36. Bd7 Rh5 37. h3 Bd6 38. Re4 Rd5 39. Be6 Rd2 40. a4 Bc5 41. Bc4 Rf2 42. Bd5 Kg5 43. Rc4 Rd2 44. Bg8 $2 {[#]} (44. Rg4+ $1 $11 {and White stays safe.} Kf6 45. Bc6) 44... Rd8 $2 (44... Bd4 $1 $19 45. f4+ Kxf4) 45. Rg4+ Kh6 46. Be6 Rd6 47. Re4 Rd2 48. Bc4 Rf2 49. Bd5 Kg5 50. Rc4 Rd2 51. Bc6 {[#]} (51. Bg8 $11) 51... Bd4 $1 $17 52. Be4 Kh4 {( -> ...Kg3)} 53. Rc2 Rd1+ ({Black should try} 53... Rxc2 $17 54. Bxc2 Kxh3) 54. Kh2 $11 Be3 55. Bc6 Bf4+ 56. Kg2 Rd4 57. Re2 Rc4 58. Bb5 Rc5 59. Re4 Rc2+ 60. Re2 Rc3 61. Re4 g5 62. Re6 {[%cal Re6h6]} h5 63. Re4 Ra3 64. Re6 g4 65. hxg4 hxg4 66. fxg4 Kxg4 67. Bd7 {aiming for Re3+.} Kg5 68. Rxb6 Be3 69. Rb4 Kf6 70. Re4 Bc5 71. Kf1 Ra2 72. Re6+ Kf7 73. Re4 {Hoping for Be6+.} Kf6 74. Ke1 Rb2 75. Bb5 Bb4+ 76. Kd1 Ba5 77. Re8 Rd2+ {The position is equal.} 78. Kc1 Rd8 79. Re2 Rd5 80. Kc2 Re5 81. Rh2 Ke7 82. Rh6 Re6 83. Rh7+ Kd6 84. Ra7 Bb6 85. Ra6 Kc5 86. Bd3 Rc6 87. a5 Bxa5 88. Rxc6+ Kxc6 {Accuracy: White = 62%, Black = 70%.} 1/2-1/2

[Event "Moscow Open RSSU Cup 2019"]
[Site "Moscow"]
[Date "2019.01.28"]
[Round "3"]
[White "Sjugirov, Sanan"]
[Black "Shukh, Nikolai"]
[Result "1/2-1/2"]
[WhiteElo "2663"]
[BlackElo "2459"]
[Annotator "TA"]
[PlyCount "93"]
[EventDate "2019.01.26"]
[EventType "swiss"]
[EventCountry "RUS"]
[SourceTitle "playchess.com"]
[Source "ChessBase"]
[SourceQuality "1"]

{[%evp 16,93,30,16,55,43,36,32,61,43,87,48,52,25,70,57,59,59,60,67,54,40,34,14,20,18,18,15,25,20,20,24,34,29,70,18,23,17,21,16,10,0,139,4,5,-8,0,0,-2,0,-6,-27,0,-14,0,-27,-31,-35,-31,-29,-29,-24,-8,-20,-20,-19,-14,-21,0,0,0,0,0,0,0,0,0,0,0,0]} 1. d4 Nf6 2. c4 g6 3. Nc3 d5 4. cxd5 Nxd5 5. e4 Nxc3 6. bxc3 c5 7. Be3 Bg7 8. Nf3 O-O 9. Be2 Qc7 {D85: Exchange Grünfeld: Unusual White 7th moves and lines with 7 Nf3} (9... b6 10. Rc1 e6 11. O-O Bb7 12. Qd3 Nd7 13. Bg5 {½-½ (13) Yu,Y (2764)-Artemiev,V (2709) St Petersburg 2018}) 10. Rc1 b6 11. O-O Rd8 {White is slightly better.} 12. Qb3 Nd7 $146 ({Predecessor:} 12... Bb7 13. Nd2 Nd7 14. Bc4 e6 15. e5 Qc6 16. f3 Re8 17. Ne4 {1-0 (33) Serra,M (1518)-Sitzia,C (1487) Cagliari 2009}) 13. Rfd1 e6 14. Bg5 {[%cal Be3g5,Bg5h4,Bh4g3][%mdl 32]} Re8 15. Bh4 Bb7 16. Bg3 Qc8 17. Nd2 Nf6 18. Bf3 Bh6 19. Qb1 cxd4 20. cxd4 Qd8 $1 21. Rc7 Re7 22. Rxe7 Qxe7 23. Nc4 Nh5 24. Be5 Rd8 25. h3 (25. Qb3 $1 $14) 25... Nf4 $11 26. Qb3 f6 27. Bxf4 $1 Bxf4 28. d5 Kg7 (28... exd5 $11 29. exd5 Qc5) 29. g3 (29. d6 $1 $16 {[%cal Rd6e7]} Bxd6 {[#]} 30. e5 $1 {[%mdl 512]} Bxe5 31. Rxd8 Bxf3 32. Nxe5 $1 {[%mdl 512]} fxe5 33. Rd3) 29... Bb8 30. h4 h5 31. a4 exd5 32. exd5 Qc5 {Strongly threatening ...Bxg3.} 33. Ne3 Be5 34. Qd3 Qc3 35. Qe2 Bc8 36. Kg2 Qb4 37. Qc4 Qxc4 38. Nxc4 Bd7 39. Nxe5 {The position is equal.} fxe5 {[%mdl 4096] Endgame KRB-KRB} 40. a5 bxa5 41. Rb1 Bf5 42. Rb5 $1 e4 43. Be2 Rc8 44. Rxa5 Rc2 45. Kf1 Rc1+ 46. Kg2 Rc2 47. Kf1 {Accuracy: White = 51%, Black = 58%.} 1/2-1/2

[Event "Moscow Open RSSU Cup 2019"]
[Site "Moscow"]
[Date "2019.01.28"]
[Round "3"]
[White "Ponkratov, Pavel"]
[Black "Kabanov, Nikolai"]
[Result "1-0"]
[WhiteElo "2630"]
[BlackElo "2447"]
[Annotator "TA"]
[PlyCount "67"]
[EventDate "2019.01.26"]
[EventType "swiss"]
[EventCountry "RUS"]
[SourceTitle "playchess.com"]
[Source "ChessBase"]
[SourceQuality "1"]

{[%evp 9,67,16,20,12,10,20,25,0,0,-20,3,-20,-20,-20,0,0,0,-33,0,-16,0,0,0,0,0,0,0,0,0,0,12,0,0,0,0,-11,14,18,226,263,256,242,258,252,258,262,254,228,243,247,241,180,525,514,575,567,29974,29975,5222,5210]} 1. e4 e5 2. Nf3 Nf6 3. d4 Nxe4 4. dxe5 d5 5. Nbd2 Qd7 6. Be2 $146 {C43: Petroff Defence: 3 d4} ({Predecessor:} 6. Nb3 Be7 7. Bd3 c5 8. c4 dxc4 9. Bxe4 Qxd1+ 10. Kxd1 cxb3 11. axb3 Nc6 12. Bxc6+ bxc6 13. Be3 Be6 14. Ke2 {½-½ (14) Ganguly,S (2621)-Wei,Y (2728) Makati 2018}) 6... Nc6 7. O-O Be7 8. c4 {With the idea cxd5.White has an edge.} Nc5 9. a3 a5 10. cxd5 Qxd5 11. Bc4 Qd8 12. Qc2 Bg4 13. b3 O-O 14. Bb2 Qd7 15. h3 Be6 16. Rad1 {[#] aiming for Ne4.} Bxc4 17. Nxc4 Qe6 18. Nd4 $36 {[%mdl 2048] White has good play.} Nxd4 19. Bxd4 Qc6 20. a4 Ne6 21. Be3 Bc5 22. Rd3 Rfd8 (22... Qe4 {feels hotter.} 23. Bxc5 Nf4 24. Ne3 Qxd3 25. Qxd3 Nxd3 26. Bxf8 Kxf8 27. Nd5 Rd8) 23. Rxd8+ {[%mdl 64] Overworked Piece} Rxd8 $2 (23... Nxd8 $11 24. Bxc5 Qxc5) 24. Nxa5 $18 Qd5 {[#] Strongly threatening ...Bxe3.} 25. Nxb7 $1 {[%mdl 576] Deflection} Qxb7 26. Bxc5 Qc6 27. Rc1 Nf4 {[%csl Gf4][%cal Rc6g2]} 28. f3 Rd3 29. Kh2 Qd5 30. Bf2 g5 $2 (30... Ne6) 31. Qxc7 Ne6 32. Qd6 Qxb3 33. Rc8+ Kg7 34. Qe7 {Accuracy: White = 67%, Black = 49%.} 1-0

[Event "Moscow Open RSSU Cup 2019"]
[Site "Moscow"]
[Date "2019.01.28"]
[Round "3"]
[White "Goganov, Aleksey"]
[Black "Drygalov, Sergey"]
[Result "1-0"]
[WhiteElo "2612"]
[BlackElo "2442"]
[Annotator "TA"]
[PlyCount "75"]
[EventDate "2019.01.26"]
[EventType "swiss"]
[EventCountry "RUS"]
[SourceTitle "playchess.com"]
[Source "ChessBase"]
[SourceQuality "1"]

{[%evp 17,75,39,33,6,19,0,33,27,45,18,44,50,55,41,47,18,59,50,49,31,29,30,34,20,62,47,72,48,45,43,41,10,0,0,141,155,225,210,220,214,271,252,277,283,265,261,337,333,357,344,344,341,334,322,740,719,804,794,1075,1037]} 1. d4 Nf6 2. c4 e6 3. Nf3 b6 4. a3 Ba6 5. Qc2 Bb7 6. Nc3 c5 7. e4 cxd4 8. Nxd4 Bc5 9. Nb3 Nc6 {LiveBook: 482 Games} 10. Qd3 {E12: Queen's Indian: Unusual White 4th moves, 4 a3, 4 Nc3 Bb7 5 a3 and 4 Nc3 Bb7} O-O 11. Be2 d6 $146 ({Predecessor:} 11... Qb8 12. f4 e5 13. Nxc5 bxc5 14. O-O Nd4 15. f5 Bc6 16. Re1 Qb7 17. Bd1 Ne8 {0-1 (45) Wallace,J (2411)-Goganov,A (2592) Biel 2017}) 12. O-O {White is slightly better.} Qe7 13. Bf4 Ne5 14. Qc2 Rac8 15. Rad1 Rfd8 16. Kh1 Nc6 17. Bg5 h6 18. Bh4 g5 19. Bg3 $1 e5 $1 20. Nd5 Qe6 21. Qd3 Ne7 22. Nd2 Nfxd5 23. cxd5 Qg6 24. b4 Bd4 25. Nf3 Rc3 (25... Bc3 $11 {remains equal.}) 26. Qb1 $16 f5 (26... h5 $16) 27. Nxd4 $18 exd4 28. f3 Re3 {[#]} 29. Bd3 $1 f4 30. Bf2 {[%mdl 64] Trapped Piece} Qg7 31. Qb2 ({Resist} 31. Bxe3 dxe3 32. Rc1 Ng6 $18) 31... Rc8 32. Bxe3 fxe3 33. Rc1 Ng6 34. Rxc8+ Bxc8 {[#]} 35. e5 $1 {[%mdl 64] Deflection} Qxe5 $2 (35... Nf4) (35... dxe5 36. Qc2) 36. Bxg6 {White is clearly winning.} Ba6 37. b5 Bc8 38. Qc2 {Accuracy: White = 61%, Black = 49%.} 1-0

[Event "Moscow Open RSSU Cup 2019"]
[Site "Moscow"]
[Date "2019.01.28"]
[Round "3"]
[White "Timofeev, Artyom"]
[Black "Krasikov, Vladislav"]
[Result "1-0"]
[WhiteElo "2592"]
[BlackElo "2218"]
[Annotator "TA"]
[PlyCount "95"]
[EventDate "2019.01.26"]
[EventType "swiss"]
[EventCountry "RUS"]
[SourceTitle "playchess.com"]
[Source "ChessBase"]
[SourceQuality "1"]

{[%evp 25,95,36,31,23,31,31,35,31,48,10,41,39,50,43,47,42,50,41,44,39,49,8,68,67,74,52,82,82,100,89,93,100,118,84,166,166,166,166,166,166,166,166,166,166,166,166,166,166,166,164,166,166,272,257,257,257,500,500,500,493,2115,1616,5443,1607,29960,29964,29968,29969,5418,5087,29980,29980]} 1. e4 c5 2. Nf3 d6 3. d4 cxd4 4. Nxd4 Nf6 5. Nc3 a6 6. Be3 e5 7. Nf3 Be7 8. Bc4 O-O 9. O-O Be6 10. Qe2 {B90: Sicilian Najdorf: Unusual White 6th moves, 6 Be3 Ng4 and 6 Be3 e5} (10. Bb3 b5 11. Re1 Qc8 12. Bg5 Nbd7 13. Re2 Qb7 14. Rd2 Rfe8 15. Bxf6 Nxf6 16. Qe2 Rac8 17. Nd5 Nxd5 18. Bxd5 {½-½ (28) Nisipeanu,L (2674)-Wojtaszek,R (2749) Germany 2018}) 10... h6 11. Rfd1 Qc7 12. Bb3 Nc6 13. Nh4 Na5 {LiveBook: 4 Games} 14. Nf5 Bxf5 15. exf5 Nxb3 16. cxb3 $146 ({Predecessor:} 16. axb3 Qc6 17. Qd3 Rfd8 18. Nd5 Nxd5 19. Qxd5 Qxc2 20. Qxb7 {0-1 (47) Jukic,B (2374)-Jovanovic,S (2354) Pula 1999}) 16... Rfd8 17. Qf3 Qc6 18. Nd5 Nxd5 19. Rxd5 Rac8 20. Rad1 Kh7 21. Qh5 {Threatens to win with Bxh6!} Qe8 22. h3 Rc6 23. a4 Bf6 (23... f6 $11 24. Qf3 Rc2) 24. b4 $14 Rc4 25. Rxd6 Rxd6 26. Rxd6 Rh4 27. Qd1 Rxb4 28. b3 Qe7 {next ...Rd4! is good for Black.} 29. Rd7 Rd4 (29... Qe8 $16) 30. Qxd4 $1 $18 exd4 31. Rxe7 Bxe7 32. Bxd4 {[%mdl 4096] Endgame KB-KB} g6 {[#]} 33. fxg6+ $1 Kxg6 34. Kf1 Kf5 35. Ke2 Ke4 36. Bb6 h5 37. f3+ Kd5 38. Ke3 f5 (38... Bg5+ {keeps fighting.} 39. f4 Be7) 39. Kf4 Ke6 40. g4 fxg4 $2 {[#]} (40... hxg4 {might work better.} 41. fxg4 (41. hxg4 fxg4 42. Kxg4 Kd5 $16) 41... fxg4) 41. fxg4 hxg4 42. Kxg4 Kd5 (42... Bb4 $142 43. Bd4 Kf7) 43. h4 {[%cal Bh3h4,Bh4h5][%mdl 32]} Kc6 44. a5 Bb4 45. h5 Bd2 46. Kf5 Kb5 47. Bd8 Kb4 48. Bg5 {Accuracy: White = 81%, Black = 32%.} 1-0

[Event "Moscow Open RSSU Cup 2019"]
[Site "Moscow"]
[Date "2019.01.28"]
[Round "3"]
[White "Pridorozhni, Aleksei"]
[Black "Korchmar, Vasiliy"]
[Result "1-0"]
[WhiteElo "2568"]
[BlackElo "2424"]
[Annotator "TA"]
[PlyCount "59"]
[EventDate "2019.01.26"]
[EventType "swiss"]
[EventCountry "RUS"]
[SourceTitle "playchess.com"]
[Source "ChessBase"]
[SourceQuality "1"]

{[%evp 12,59,16,13,22,15,15,19,27,29,58,59,110,99,89,95,145,141,137,110,93,111,151,149,160,152,535,541,576,573,576,561,545,359,638,352,831,806,995,755,914,743,935,899,29993,29994,29994,29995,29995,29996]} 1. e4 c5 2. Nf3 Nc6 3. Bb5 g6 4. O-O Bg7 5. Re1 e5 6. Bxc6 dxc6 7. h3 Nh6 {B31: Sicilian: 2...Nc6 3 Bb5 g6} 8. d3 f6 9. a3 $146 ({Predecessor:} 9. Be3 b6 10. c3 Nf7 11. d4 cxd4 12. cxd4 exd4 13. Bxd4 O-O 14. b4 Qe7 15. Qb3 {0-1 (55) Galic,I (2395)-Saric,I (2553) Mali Losinj 2017}) 9... a5 {The position is equal.} 10. Be3 Qe7 11. Nc3 a4 {[#]} (11... b5 $14) 12. b3 $1 $36 {[%mdl 2048] White is on the roll.} axb3 13. cxb3 b6 14. b4 cxb4 15. axb4 Rxa1 16. Qxa1 {Strongly threatening b5.} Qxb4 17. Qa8 O-O 18. Qxc6 Ba6 $2 (18... Nf7 $16 19. Rb1 (19. Bxb6 Bd7 $16) 19... Qd6 20. Qxd6 (20. Rxb6 Qxc6 21. Rxc6 Bb7 $16) (20. Qxb6 Qxd3 21. Qc6 f5 $14) 20... Nxd6 21. Rxb6 (21. Bxb6 Be6 $16) 21... Rd8) 19. Ra1 $18 Bb7 20. Qxb7 Qxc3 21. Ra7 {[%csl Ga7][%cal Rb7g7]} Nf7 22. Qd5 Qc8 $2 (22... Qb4 23. Kh2 Qd6 24. Rxf7 Qxd5 25. Rxf8+ Bxf8 26. exd5 b5) 23. Kh2 g5 $2 (23... Qb8) 24. Bxb6 g4 25. Ng1 gxh3 26. Nxh3 Bh6 27. Bc5 Qg4 28. Bxf8 {White mates.} Bf4+ 29. Nxf4 {[%mdl 64] [#] Overworked Piece} Qxf4+ 30. Kh3 {Accuracy: White = 86%, Black = 14%.} 1-0

[Event "Moscow Open RSSU Cup 2019"]
[Site "Moscow"]
[Date "2019.01.28"]
[Round "3"]
[White "Tsydypov, Zhamsaran"]
[Black "Yeletsky, Ivan"]
[Result "0-1"]
[WhiteElo "2545"]
[BlackElo "2406"]
[Annotator "TA"]
[PlyCount "90"]
[EventDate "2019.01.26"]
[EventType "swiss"]
[EventCountry "RUS"]
[SourceTitle "playchess.com"]
[Source "ChessBase"]
[SourceQuality "1"]

{[%evp 21,90,9,17,0,-5,-31,-11,-98,-86,-158,0,0,16,0,25,0,0,3,7,0,0,0,19,34,17,25,51,37,37,37,47,46,93,80,91,41,46,0,0,0,17,15,28,36,20,0,11,19,33,0,0,0,0,0,0,0,0,0,0,-59,-57,-53,-10,-125,45,-167,-156,-29995,-29996,-29997,339]} 1. e4 c5 2. Nf3 d6 3. d4 cxd4 4. Nxd4 Nf6 5. Nc3 a6 6. Be3 e5 7. Nb3 Be6 8. Qd2 Nbd7 {[%cal Bb8d7,Bd7b6,Bb6c4,Bc4e3][%mdl 32]} 9. O-O-O {B90: Sicilian Najdorf: Unusual White 6th moves, 6 Be3 Ng4 and 6 Be3 e5} (9. f4 Rc8 10. O-O-O h5 11. Kb1 Be7 12. Bd3 b5 13. h3 h4 14. Rhf1 Qc7 15. a3 Nb6 16. Bxb6 Qxb6 17. Rde1 {0-1 (52) Svidler,P (2756)-Indjic,A (2604) Porto Carras 2018}) 9... b5 10. f4 Rc8 11. Kb1 Be7 {LiveBook: 56 Games} 12. Bd3 O-O 13. Rhf1 $146 ({Predecessor:} 13. Rhe1 Qc7 14. f5 Bc4 15. Bg5 b4 16. Ne2 Rfe8 {1-0 (57) Sokolov,A (2552)-Vulevic,V (2325) Basel 2009}) 13... Nb6 14. fxe5 (14. Qe1 $11) 14... dxe5 $17 15. Qf2 (15. Qe1 $142) 15... Nfd7 $2 (15... Na4 $17 {White must now prevent ...Rxc3.} 16. Bd2 Qd6) 16. Nd5 $11 {[%cal Re3b6]} Bxd5 17. exd5 Nc4 18. Nd2 (18. Bc1 {feels hotter.} Nd6 19. Bd2 f5 20. Na5 e4 21. Be2) 18... Nxe3 19. Qxe3 $40 {[%mdl 128] White is up to no good.} g6 20. Ne4 {aiming for d6.} f5 21. d6 fxe4 22. dxe7 Qxe7 23. Bxe4 Rxf1 24. Rxf1 Nf6 25. Bf3 Rd8 26. a3 Kg7 27. Re1 e4 28. Qc3 Kg8 29. Qc6 Rd6 30. Qc8+ Kg7 31. Qc3 Re6 32. Be2 h5 33. Qe3 Qc7 34. g3 Rc6 35. Qd2 Rd6 36. Qf4 Qc5 37. Rf1 a5 38. h3 b4 39. a4 Rc6 40. Bd1 (40. Bb5 $11 Rd6 41. Be2) 40... e3 $15 41. Re1 Rd6 42. Kc1 {[#]} (42. g4 $1 $11 {keeps the balance.}) 42... b3 $2 ({Better is} 42... Re6 $1 $17 {Hoping for ...Nd5.} 43. Be2 Ne4) 43. c3 $2 {[#]} (43. Rxe3 $14 bxc2 44. Bxc2) 43... Rd3 $1 $19 {[%cal Rd3c3] ( -> ...Rxc3+!)} 44. Rf1 $2 {[#]} (44. Kb1 $17 Qd5 45. Bf3) 44... Rxc3+ $1 {[%mdl 576] Deflection, Back Rank} 45. bxc3 Qa3+ {[%mdl 32768] Accuracy: White = 32%, Black = 44%. . Loss on time!?} 0-1

[Event "Moscow Open RSSU Cup 2019"]
[Site "Moscow"]
[Date "2019.01.28"]
[Round "3"]
[White "Iljiushenok, Ilia"]
[Black "Avalyan, Artur"]
[Result "1/2-1/2"]
[WhiteElo "2533"]
[BlackElo "2347"]
[Annotator "TA"]
[PlyCount "65"]
[EventDate "2019.01.26"]
[EventType "swiss"]
[EventCountry "RUS"]
[SourceTitle "playchess.com"]
[Source "ChessBase"]
[SourceQuality "1"]

{[%evp 29,65,75,81,53,59,53,88,83,183,197,202,153,156,117,110,100,88,77,75,71,69,81,84,84,78,58,70,74,99,99,82,0,74,0,74,0,85,0]} 1. e4 e6 2. d4 d5 3. Nc3 Bb4 4. e5 Ne7 5. a3 Bxc3+ 6. bxc3 c5 7. Qg4 Qc7 8. Qxg7 Rg8 9. Qxh7 cxd4 10. Ne2 Nbc6 11. f4 Bd7 12. Qd3 dxc3 13. Rg1 {C18: French: 3 Nc3 Bb4: Main line: 7 h4 and 7 Qg4} (13. Qxc3 O-O-O 14. Rb1 d4 15. Qc4 Nf5 16. g3 Na5 17. Qxc7+ Kxc7 18. Bg2 Bc6 19. Kf2 Nc4 20. Rb4 b5 21. Bxc6 Kxc6 22. a4 a6 23. axb5+ axb5 {1-0 (51) Leko,P (2679)-Pichot,A (2565) Douglas 2017}) 13... Nf5 14. Rb1 O-O-O 15. g4 Nh4 {LiveBook: 3 Games} 16. Nxc3 {[#] Threatens to win with Nb5.} Na5 $1 17. Rg3 Nc4 $146 ({Predecessor:} 17... Kb8 18. Be3 Nc4 19. Bd4 f6 20. Qe2 Ka8 21. exf6 Qxf4 {0-1 (37) Papp,P (2271)-Cori Tello,D (2374) Kemer 2009}) 18. Qd4 Rxg4 (18... Kb8 $16) 19. Qxa7 $18 ({But not} 19. Bxc4 $2 Rxg3 20. Nxd5 Nf3+ 21. Kf2 Nxd4 $19) 19... Rdg8 20. Bxc4 dxc4 21. Ne4 Bc6 22. Qa8+ Qb8 {[#]} 23. Nd6+ $1 Kc7 24. Nb5+ Bxb5 25. Qa5+ {[%mdl 64] Double Attack} b6 26. Qxb5 Rxg3 27. hxg3 Rxg3 {White must now prevent ...Qb7.} 28. Qxc4+ Kd7 29. Qb5+ Kc7 30. Qc4+ Kd7 $1 31. Qb5+ Kc7 $1 32. Qc4+ Kd7 $1 33. Qb5+ {Accuracy: White = 53%, Black = 67%.} (33. Qd4+ $16 Kc8 34. Qxb6 Qxb6 35. Rxb6) 1/2-1/2

[Event "Moscow Open RSSU Cup 2019"]
[Site "Moscow"]
[Date "2019.01.28"]
[Round "3"]
[White "Khanin, Semen"]
[Black "Dudin, Gleb"]
[Result "1-0"]
[WhiteElo "2514"]
[BlackElo "2303"]
[Annotator "TA"]
[PlyCount "54"]
[EventDate "2019.01.26"]
[EventType "swiss"]
[EventCountry "RUS"]
[SourceTitle "playchess.com"]
[Source "ChessBase"]
[SourceQuality "1"]

{[%evp 19,54,19,35,28,22,25,28,19,28,20,41,31,17,10,12,6,4,8,10,16,17,0,33,20,24,11,18,4,24,14,74,71,242,253,239,233,497]} 1. e4 e5 2. Nf3 Nf6 3. Nxe5 d6 4. Nf3 Nxe4 5. Qe2 Qe7 6. d3 Nf6 7. Bg5 Nbd7 8. Nc3 Qxe2+ 9. Bxe2 h6 10. Bd2 Nb6 11. a4 {C42: Petroff Defence: 3 Nxe5 and unusual White 3rd moves} (11. O-O-O Be6 12. Nd4 Kd7 13. Nxe6 fxe6 14. Rhe1 Re8 15. Ne4 d5 16. Nxf6+ gxf6 17. Bh5 Re7 18. Re3 Rg8 {1-0 (41) Demchenko,A (2679)-Putka,V (2307) Skopje 2018}) 11... a5 12. Nb5 $146 Kd8 13. c4 {White has an edge.} Nbd7 14. d4 Ne4 15. Be3 c6 16. Nc3 Nxc3 $1 17. bxc3 Be7 18. Bd3 Kc7 19. Kd2 $36 {[%mdl 2048] White has some pressure.} b6 20. Rab1 Ba6 21. h4 Nf6 22. Bf4 c5 23. Rb2 Rhe8 24. Rhb1 Rab8 (24... Nd7 $11) 25. Ne5 $16 {Hoping for dxc5.} Nh5 $2 {[#]} (25... cxd4 $16 26. cxd4 Bf8) 26. Bh2 $18 cxd4 27. cxd4 ({Less strong is} 27. Nxf7 dxc3+ 28. Kxc3 Bf6+ 29. Kb3 Bxb2 $16) 27... Bxh4 $2 {Accuracy: White = 72%, Black = 58%.} (27... g5 {was necessary.} 28. Nxf7 Nf4 29. Nxh6 Nxd3 30. Kxd3 gxh4) 1-0

[Event "Moscow Open RSSU Cup 2019"]
[Site "Moscow"]
[Date "2019.01.28"]
[Round "3"]
[White "Zakhartsov, Vladimir"]
[Black "Tsybikov, Tumen"]
[Result "1-0"]
[WhiteElo "2483"]
[BlackElo "2290"]
[Annotator "TA"]
[PlyCount "77"]
[EventDate "2019.01.26"]
[EventType "swiss"]
[EventCountry "RUS"]
[SourceTitle "playchess.com"]
[Source "ChessBase"]
[SourceQuality "1"]

{[%evp 12,77,72,66,63,66,79,34,29,16,41,16,80,83,128,95,104,118,115,97,145,39,39,20,27,21,21,29,25,0,0,0,0,-53,-53,-79,-14,-20,0,0,0,0,337,340,308,88,379,377,339,341,657,643,549,467,429,431,397,47,47,48,43,15,493,481,29981,29981,29998,29999]} 1. c4 c5 2. Nf3 g6 3. d4 Bg7 4. e4 d6 5. d5 e6 6. Nc3 Ne7 7. Be2 h6 {A43: Schmid Benoni} (7... O-O 8. O-O exd5 9. exd5 h6 10. h3 g5 11. Re1 Nd7 12. Ne4 Nf6 13. Nxf6+ Bxf6 14. Bd3 Kg7 15. Qc2 b5 16. cxb5 Nxd5 {0-1 (41) Gelfand,B (2758)-Ponomariov,R (2739) Khanty-Mansiysk 2009}) 8. dxe6 Bxe6 9. Nb5 $146 ({Predecessor:} 9. Bf4 Nc8 10. Qd2 Nc6 11. Rd1 g5 12. Bg3 g4 13. Nh4 Nd4 14. O-O Ne7 15. Nb5 {1-0 (31) Khotenashvili,B (2507)-Javakhadze,Z (2423) Ureki 2014}) 9... Nc8 {White is slightly better.} 10. Bf4 O-O 11. O-O {[%cal Rb5d6]} Bxb2 (11... Nc6 $11 {keeps the balance.}) 12. Bxh6 $16 a6 13. Bxf8 Bxa1 14. Qxa1 {[%csl Gf8][%cal Ra1g7] [#]} Kxf8 15. Nc3 ({Of course not} 15. Qh8+ $6 Ke7 $11) 15... Nd7 16. Nd5 ({White should try} 16. Qc1 $16) 16... Kg8 $14 17. Qc1 Bxd5 18. cxd5 Nf6 19. Ng5 Qe7 20. Bd3 b5 21. f4 Nb6 22. Rf3 ({Better is} 22. f5 $11) 22... Re8 $15 23. Qf1 Nh5 (23... Nbd7 $17 {White should prevent ...c4.} 24. Qb1 c4) 24. h4 Nd7 25. e5 $1 dxe5 26. f5 Nf4 $2 {[%mdl 8192]} (26... gxf5 $11 {and Black stays safe.} 27. Bxf5 Ndf6) 27. fxg6 $18 fxg6 28. Be4 $2 (28. g3 $18) 28... Qd6 $2 {[%mdl 8192]} (28... Nf6 $16) 29. g3 Nh5 {[#]} 30. Nf7 $1 {[%cal Rf7d6]} Qb6 $2 (30... Qf8 31. Bxg6 e4) 31. d6 c4+ 32. Kh2 Kg7 {Hoping for ...Nhf6.} 33. Qc1 {Qh6+ would kill now.} Nf4 34. Ng5 $2 ({White should play} 34. gxf4 $18 Kxf7 35. fxe5+ Ke6 36. Qg5 (36. Bxg6 Nxe5 {[%mdl 64] Double Attack} 37. Bxe8 Nxf3+ 38. Kg3 Qxd6+ 39. Kxf3 Qf8+ {[%mdl 64] Double Attack} 40. Qf4 Qxe8 $17) 36... Nxe5 37. Rf6+ Kd7 38. Bg2 (38. Bxg6 Re6 $17) 38... Qxd6 39. Rxd6+ Kxd6 40. Qf6+ Re6 41. Qf8+ Re7 42. Qd8+ Nd7 43. Qa5) 34... Qxd6 $14 35. gxf4 exf4 {Black wants to play ...Nf6.} 36. Qxf4 $40 {[%mdl 128] White attacks.} Ne5 $2 {[%mdl 8192]} (36... Qxf4+ $11 37. Rxf4 Nf6) 37. Kg2 $18 b4 (37... c3 $18 38. Rxc3 Rf8) 38. Nf7 Qc7 39. Qh6+ {Accuracy: White = 39%, Black = 40%.} 1-0